000 00885cam a22002531 4500
001 l 53000160
003 DLC
005 20260227111543.0
008 800418s1952 dcu f000 0 eng c
010 _al 53000160
035 _a(OCoLC)6217022
040 _aU.S. Dept. of Labor. Library
_cOCl
_dDLC
042 _apremarc
050 0 0 _aHB235.U6
_bA535
082 _a338.52
110 1 _aUnited States.
_bBureau of Labor Statistics.
245 1 0 _aSpecifications and code numbers for individual commodities, 1947-1951.
_c[Prepared by Division of Prices and Cost of Living.
260 _a[Washington]
_c1952.
300 _a1 v. (various pagings)
_c27 cm.
500 _aCover title.
500 _aAt head of title: Wholesale price index (1947-49=100)
500 _aKept up to date by supplements.
610 1 0 _aUnited States.
_bBureau of Labor Statistics.
_tWholesale price index.
999 _c36815
_d36815